000 00584nam a22002057a 4500
003 OSt
005 20240716154629.0
008 240716b |||||||| |||| 00| 0 eng d
020 _a9781595581211
040 _cMUST
082 _a362.1 WIL 2005
100 _aWilkinson G Richard
_918791
245 _aTHE IMPACT OF INEQUALITY/
_bHow to make sick societies healthier
260 _aNew York
_bThe new press
_c2005
300 _ax,355p.
_bill.
_c21cm
504 _aReferences and indexes included
650 _2Equality
700 _aRichard G Wilkinson
_918792
942 _2ddc
_cO_SHELF
999 _c9205
_d9205